LEADER 01945nam a2200385 a 4500 001 000000131398 003 CaOOAMICUS 005 20121213133739.0 008 121119m20129999it u000 u ita r 020 $a978-88-311-8224-9 (v. 1) 020 $a978-88-311-8225-6 (v.2) 020 $a978-88-311-8226-3 (v. 3) 040 $aPUL$bita 041 1 $aita$hgrc 100 0 $aEusebius Caesariensis,$cvesc.,$dc. 260/265-339/340.$0(OLS)http://pul/name/4567 240 10$aPraeparatio evangelica.$lItaliano.$0(OLS)http://pul/title/165985 245 10$aPreparazione evangelica /$cEusebio di Cesarea; introduzione, traduzione e note a cura di Franzo Migliore. 260 $aRoma :$bCittà Nuova,$c©2012- 300 $av. ;$c21 cm 490 1 $aCollana di testi patristici ;$v224-226 504 $aBibliografia in nota. 700 1 $aMigliore, Franzo.$0(OLS)http://pul/name/54189 830 0$aCollana di testi patristici ;$v224-226.$0(OLS)http://pul/title/17027 850 $aPUL 852 $aPUL$W1$xSL Cons. Gen., Altre Classi 1$y1$m2000 E 224$j151685$av. 1$qStampati$B150594$CPULBib$Z2$F150594 $H121165 $82 852 $aPUL$W1$xSL Cons. Gen., Altre Classi 1$y1$m2000 E 225$j152139$av. 2$qStampati$B151463$CPULBib$Z2$F151463 $H121313 $82 852 $aPUL$W1$xSL Cons. Gen., Altre Classi 1$y1$m2000 E 226$j152140$av. 3$qStampati$B151464$CPULBib$Z2$F151464 $H121314 $82 900 $aEusebio di Cesarea,$cvesc. di Cesarea,$dc. 265-c. 340$94567 941 1 $a8 996 $6020$a978-88-311-8225-6 (v.2)$9(OLS)http://pul/number/151377 996 $6020$a978-88-311-8226-3 (v. 3)$9(OLS)http://pul/number/151378 996 $6020$a978-88-311-8224-9 (v. 1)$9(OLS)http://pul/number/151076 996 $6245$aPreparazione evangelica$9(OLS)http://pul/title/165984 996 $6260$aRoma :$bCittà Nuova$9(OLS)http://pul/publisher/47927 LEADER 01618nam a2200373 a 4500 001 000000151952 003 CaOOAMICUS 005 20160520161219.0 008 160520s2016 it fa 000 u ita r 020 $a978-88-6944-558-3* 032 $aLibriCat 040 $aPUL$bita 082 14$a248.22 100 0 $aHildegardis,$cs.,$d1098-1179.$0(OLS)http://pul/name/5033 245 10$aVisioni /$cIldegarda di Bingen ; traduzione e cura di Anna Maria Sciacca ; prefazione di Enrico dal Covolo. 260 $aRoma :$bCastelvecchi,$c©2016. 300 $a454 p. :$btav., ill. ;$c21 cm. 600 04$aHildegardis,$cs.,$d1098-1179.$0(OLS)http://pul/subject/26498 650 4$aMisticismo$yEvo medio.$0(OLS)http://pul/subject/314 700 1 $aDal Covolo, Enrico,$cSDB, vescovo,$d1950-$0(OLS)http://pul/name/6077 700 1 $aSciacca, Anna Maria.$0(OLS)http://pul/name/96676 850 $aPUL 852 $aPUL$W1$xSL Religione 3$y85$m248. 22 SCIAN 1$j174628$qDDC 21$B177183$CPULBib$Z2$F177183 $H127760 $81 900 $aIldegarda,$cbadessa di Bingen,$d1098-1179$95033 900 $aHildegard von Bingen$cs.$d1098-1179? $95033 900 $aIldegarda, $cs.,$d1098-1179$95033 941 1 $a9 960 $aHildegard von Bingen,$cs.,$d1098-1179$926498 960 $aIldegarda,$cs.,$d1098-1179$926498 996 $6020$a978-88-6944-558-3*$9(OLS)http://pul/number/160427 996 $6082$a248.22$9(OLS)http://pul/classification/534 996 $6245$aVisioni$9(OLS)http://pul/title/83188 996 $6260$aRoma :$bCastelvecchi$9(OLS)http://pul/publisher/80087